[Event "Olympiad Women 2024"]
[Site "Budapest HUN"]
[Date "2024.09.14"]
[Round "4.27"]
[Board "3"]
[White "Contreras Huaman, Fiorella"]
[Black "Nassr, Rania"]
[Result "1/2-1/2"]
[WhiteElo "2168"]
[BlackElo "1866"]
[PlyCount "105"]
[EventDate "2024.09.11"]
[WhiteTeam "Peru"]
[BlackTeam "Algeria"]
[WhiteTeamCountry "PER"]
[BlackTeamCountry "ALG"]

1. e4 c5 2. Nc3 e6 3. g3 Nc6 4. Bg2 g6 5. d3 Bg7 6. Be3 d6 7. Qd2 a6 8. f4 Nge7 9. Nf3 Nd4 10. O-O O-O 11. Nd1 d5 ({RR} 11... b6 12. Nh4 Rb8 13. c3 Ndc6 14. f5 exf5 15. exf5 gxf5 16. Bh6 Bxh6 17. Qxh6 Ne5 18. Ne3 Ng4 19. Nxg4 fxg4 20. Rf6 Ng6 21. Nxg6 hxg6 22. Rxg6+ fxg6 23. Qxg6+ Kh8 24. Qh6+ Kg8 25. Bd5+ Rf7 26. Bxf7+ {1-0 Quesada Perez,Y (2534)-Alonso Alvarez,A (2306) ESP-chT CECLUB Div1 2018 (7.4)}) ({RR} 11... b5 12. c3 Nxf3+ 13. Bxf3 Rb8 14. d4 cxd4 15. Bxd4 e5 16. Ba7 Rb7 17. Bf2 Rd7 18. Ne3 Bb7 19. Nd5 Nxd5 20. exd5 Bh6 21. Be3 Re7 22. f5 Bxe3+ 23. Qxe3 f6 24. Be4 gxf5 25. Rxf5 Bc8 26. Rh5 {0-1 Cocquyt,T (2024)-Piceu,T (2325) TCh-BEL 2022-23 (6.3)}) 12. e5 $146 ({RR} 12. c3 Nxf3+ 13. Bxf3 d4 14. cxd4 cxd4 15. Bf2 Bd7 16. b3 Bc6 17. Nb2 b5 18. Rac1 Qd7 19. Qe2 Rac8 20. Rc2 Bb7 21. Rfc1 Rxc2 22. Rxc2 Rc8 23. Be1 Nc6 24. a4 Bf8 25. h4 Nb4 26. Rxc8 Qxc8 {½-½ Markovic,R (1767)-Jovovic,M (2042) Sarajevo Bosna op 48th 2018 (7)}) ({RR} 12. c3 Nxf3+ 13. Bxf3 d4 14. cxd4 cxd4 15. Bf2 e5 16. b3 Bh3 17. Re1 Nc6 18. Nb2 Bh6 19. Na4 b5 20. Rac1 Rc8 21. Nc5 Qf6 22. Qe2 exf4 23. e5 Nxe5 24. Ne4 Qb6 25. g4 Rxc1 26. Rxc1 Bxg4 {0-1 Pesztericz,L (2203)-Isepy,J (2243) HUN-chT2 Maroczy 0203 2002 (8.5)}) ({RR} 12. Bxd4 cxd4 13. e5 Qb6 14. Qf2 f6 15. Qxd4 Qxd4+ 16. Nxd4 fxe5 17. Ne2 Bd7 18. c4 dxc4 19. dxc4 Bc6 20. Ndc3 Bxg2 21. Kxg2 Nf5 22. Kf3 exf4 23. gxf4 Rac8 24. b3 b5 25. Rac1 bxc4 26. bxc4 Rxc4 {0-1 Tamra,A (2070)-Al Ghamdi,A Asia zt 3.1 Doha 2013 (7)}) 12... Nxf3+ 13. Bxf3 Qc7 14. b4 b6 15. bxc5 bxc5 16. Qc3 Bb7 17. Qxc5 Rfc8 18. Qxc7 Rxc7 19. Rb1 Bc6 20. Rf2 Rac8 21. c3 Bb5 22. Rd2 f6 23. Bg4 Kf7 24. Bd4 f5 25. Be2 g5 26. Bb6 Rc6 27. Be3 gxf4 28. gxf4 Ng6 29. Bh5 Bh6 30. Rb4 Bf8 31. Rb1 Bh6 32. Kf2 Kg7 33. Kf3 Kf7 34. Bd4 Ke7 35. Bxg6 hxg6 36. Nb2 R6c7 37. Rg1 Rg8 38. h4 Be8 39. Nd1 Kf7 40. Rb2 Bb5 41. Nf2 Bf8 42. Ra1 Be7 43. Rh1 Rh8 44. Kg3 Rh5 45. Rh3 Rc8 46. Rb1 Rch8 47. Rbh1 Rb8 48. Rb1 Rbh8 49. Rbh1 Rb8 50. Rb1 Rbh8 51. Rbh1 Rb8 52. Rb1 Rbh8 53. Rbh1 1/2-1/2

[Event "Olympiad Women 2024"]
[Site "Budapest HUN"]
[Date "2024.09.14"]
[Round "4.27"]
[Board "4"]
[White "Djerroud, Chahrazed"]
[Black "Garcia Andrada, Heidy Nicole"]
[Result "0-1"]
[WhiteElo "1910"]
[BlackElo "2003"]
[PlyCount "76"]
[EventDate "2024.09.11"]
[WhiteTeam "Algeria"]
[BlackTeam "Peru"]
[WhiteTeamCountry "ALG"]
[BlackTeamCountry "PER"]

1. e4 c5 2. Nf3 e6 3. d4 cxd4 4. Nxd4 a6 5. c4 Nf6 6. Nc3 Bb4 7. Bd3 Nc6 8. Nxc6 dxc6 9. O-O e5 10. a3 ({RR} 10. Qe2 O-O 11. a3 Bc5 12. Be3 Bd4 13. Bxd4 exd4 14. Na4 Re8 15. b4 a5 16. c5 axb4 17. axb4 Bg4 18. f3 Be6 19. Qd2 Qc7 20. Nb6 Rad8 21. Qg5 h6 22. Qg3 Qe7 23. Qh4 Qc7 24. Qg3 Qe7 {½-½ Corrales Jimenez,F (2559)-Caruana,F (2828) PRO League Stage rapid 2019 (4)}) ({RR} 10. Qe2 O-O 11. Bg5 h6 12. Bh4 Bc5 13. Rad1 Qe7 14. Kh1 g5 15. Bg3 Bg4 16. f3 Bh5 17. Bf2 Rad8 18. Bxc5 Qxc5 19. Na4 Qb4 20. b3 b5 21. Nb2 Qa3 22. Bb1 Rfe8 23. Rxd8 Rxd8 24. Nd1 Bg6 {½-½ Arat,U (2389)-Melian,J (2314) Titled Tue 11th Apr Early 2023 (10)}) 10... Bd6 $146 ({RR} 10... Bxc3 11. bxc3 Be6 12. a4 Qa5 13. Qb3 Rd8 14. Rd1 b5 15. Ba3 Qc7 16. axb5 cxb5 17. Qb4 bxc4 18. Bc2 Rd3 19. Bxd3 cxd3 20. Rab1 Bc4 21. Qb8+ Qd8 22. Qxe5+ {1-0 Tran,Q (2125)-Nguyen,N VIE-chT Thua Thien Hue 2001 (2)}) ({RR} 10... Bxc3 11. bxc3 Be6 12. Qc2 Qe7 13. a4 O-O 14. Ba3 c5 15. Rab1 Rfd8 16. f3 Rd7 17. Rfd1 Rad8 18. Be2 Rxd1+ 19. Rxd1 Rxd1+ 20. Qxd1 a5 21. Qb3 Qc7 22. Bc1 b6 23. g3 Ne8 24. f4 f6 25. fxe5 {½-½ Krug,P-Mattick,L (2230) Oberliga Nord O 9495 1994}) ({RR} 10... Bc5 11. Bg5 h6 12. Bh4 a5 13. Kh1 g5 14. Bg3 Qe7 15. Rb1 O-O 16. Qe2 Bd4 17. Nd1 Rd8 18. Ne3 Re8 19. Nc2 Bb6 20. b4 axb4 21. axb4 Bg4 22. f3 Bd7 23. c5 Bc7 24. Ra1 Nh5 25. Ne3 {½-½ Van Diest,J-Dunkelblum,A BEL-ch37 Blankenberge 1957 (5)}) 11. b4 O-O 12. c5 Bc7 13. h3 Qe7 14. Qc2 Nh5 15. Ne2 Qh4 16. Kh2 Re8 17. Ng1 h6 18. g3 Qe7 19. Qe2 Nf6 20. Nf3 g5 21. h4 Nh7 22. Kg2 Bg4 23. Qe3 f6 24. Bc4+ Kg7 25. Nh2 Bd7 26. g4 Nf8 27. h5 Be6 28. Qb3 Qf7 29. Bxe6 Nxe6 30. Kg3 Rad8 31. Bb2 Rd7 32. Rfd1 Red8 33. Nf1 Nf4 34. Qxf7+ Kxf7 35. Ne3 b6 36. Rxd7+ Rxd7 37. Nf5 Rd3+ 38. f3 Rd2 0-1

[Event "Olympiad Women 2024"]
[Site "Budapest HUN"]
[Date "2024.09.14"]
[Round "4.28"]
[Board "2"]
[White "Berke, Ana"]
[Black "Johannsdottir, Johanna Bjorg"]
[Result "1-0"]
[WhiteElo "2093"]
[BlackElo "2013"]
[PlyCount "73"]
[EventDate "2024.09.11"]
[WhiteTeam "Croatia"]
[BlackTeam "Iceland"]
[WhiteTeamCountry "CRO"]
[BlackTeamCountry "ISL"]

1. e4 c5 2. Nf3 Nc6 3. Bb5 Nf6 4. e5 Nd5 5. Nc3 Nc7 6. Bxc6 dxc6 7. O-O g6 8. Re1 Bg7 9. Ne4 Ne6 10. d3 O-O 11. Be3 b6 12. Qd2 Nd4 13. Nxd4 cxd4 14. Bh6 Be6 ({RR} 14... Bf5 15. Ng3 Qd7 16. a4 Rfe8 17. Bxg7 Kxg7 18. a5 c5 19. Qf4 Be6 20. Reb1 Rac8 21. axb6 axb6 22. h4 Ra8 23. h5 Bd5 24. h6+ Kg8 25. b4 Qc7 26. bxc5 bxc5 27. Qg5 Rxa1 28. Rxa1 Ra8 29. Rb1 {1-0 Becerra Rivero,J (2549)-Kraai,J (2509) Saint Louis 2011 (4)}) 15. Qf4 Bd5 16. Re2 $146 ({RR} 16. h4 Qd7 17. Re2 Qf5 18. Qxf5 gxf5 19. Bxg7 Kxg7 20. Ng3 Kg6 21. Ree1 f6 22. e6 Rad8 23. Ne2 c5 24. Nf4+ Kh6 25. a4 a5 26. f3 Rd6 27. b3 Bc6 28. Kf2 Rdd8 29. Rh1 Rg8 30. Rh3 Rd6 {½-½ Cornette,M (2418)-Bogosavljevic,B (2325) Srajber Memorial 09th 2005 (2)}) ({RR} 16. h4 f5 17. exf6 exf6 18. Bxg7 Kxg7 19. h5 gxh5 20. Ng3 Bf7 21. Nf5+ Kh8 22. Qh6 Rg8 23. Ne7 Rg7 24. Qxf6 Bd5 25. Re5 Bxg2 26. Rg5 Qxe7 27. Qxe7 Rxe7 28. Kxg2 Rg8 29. Rxg8+ Kxg8 30. Kf3 Rf7+ {0-1 Wyss,J (2275)-Stankovic,I (2294) Titled Tue 23rd Jan Early 2024 (9)}) ({RR} 16. Ng3 c5 17. h4 Qd7 18. f3 f6 19. Bxg7 Kxg7 20. Re2 f5 21. h5 Qe6 22. Kf2 Rh8 23. Rh1 Rag8 24. Qg5 Kf7 25. Ree1 Ke8 26. h6 Kd7 27. Ne2 Re8 28. Nf4 Qc6 29. e6+ Kc8 30. Re5 Bxa2 {1-0 Cuartas,C (2425)-Janosevic,D (2400) Biel-12 GM 1979 (13)}) ({RR} 16. Qh4 f6 17. Bxg7 Kxg7 18. exf6+ exf6 19. Re2 Qd7 20. Rae1 Rae8 21. h3 Bxe4 22. Rxe4 c5 23. Qf4 Rxe4 24. Qxe4 Kf7 25. Qh4 Kg7 26. c3 dxc3 27. bxc3 Re8 28. Re4 Rxe4 29. Qxe4 Kf7 30. d4 Qe6 {½-½ Webb,L (2295)-Abayasekera,R (2255) BCF-chT 9697 (4NCL) 1996 (2.3)}) 16... Qc7 17. Bxg7 Kxg7 18. Rae1 Rac8 19. h4 c5 20. h5 h6 21. f3 Qd7 22. e6 Qc7 23. Qh4 f5 24. Ng3 g5 25. Qh3 Qf4 26. Re5 Be4 27. dxe4 Qxe5 28. Nxf5+ Rxf5 29. Qxf5 Qf6 30. Qd5 Rc7 31. e5 Qf8 32. Qe4 Qe8 33. f4 gxf4 34. Rf1 Rc6 35. Qf5 Qg8 36. Rxf4 Qxe6 37. Rg4+ 1-0

[Event "Olympiad Women 2024"]
[Site "Budapest HUN"]
[Date "2024.09.14"]
[Round "4.29"]
[Board "1"]
[White "Movsesian, Julia"]
[Black "Shohradova, Lala"]
[Result "1-0"]
[WhiteElo "2198"]
[BlackElo "2030"]
[PlyCount "101"]
[EventDate "2024.09.11"]
[WhiteTeam "Czech Republic"]
[BlackTeam "Turkmenistan"]
[WhiteTeamCountry "CZE"]
[BlackTeamCountry "TKM"]

1. e4 {ChessBase II} e6 2. d4 d5 3. e5 c5 4. c3 Nc6 5. Nf3 Qb6 6. a3 Bd7 7. Bd3 ({RR} 7. Ra2 c4 8. Bf4 Nge7 9. Nbd2 Na5 10. Be2 Nc8 11. h4 Qc7 12. h5 h6 13. Rh3 Nb6 14. a4 ({RR} 14. Rg3) 14... Qc6 15. g4 ({RR} 15. Rg3 Nxa4 16. Qb1 b5 17. Bd1 Rb8) 15... Nxa4 16. g5 b5 ({RR} 16... O-O-O) 17. Nh2 b4 ({RR} 17... hxg5) 18. cxb4 Bxb4 19. gxh6 gxh6 20. Ng4 c3 21. Nf6+ Kd8 {0-1 Fedorchuk,S (2662)-Alsina Leal,D (2538) EU-ch 12th Aix les Bains 2011 (3)}) ({RR} 7. b4 cxd4 8. cxd4 Rc8 9. Bb2 ({RR} 9. Be3) {RR} 9... Na5 10. Nbd2 Nc4 11. Nxc4 dxc4 12. Rc1) ({RR} 7. Be2 c4 8. Nbd2) 7... cxd4 8. O-O a6 $146 ({RR} 8... dxc3 9. Nxc3 h6 10. Na4 Qc7 11. Be3 Nxe5 12. Rc1 Nxf3+ 13. Qxf3 Qd8 14. Nc5 Bxc5 15. Bxc5 Nf6 16. Bd4 Bc6 17. Qg3 O-O 18. Be3 Nh5 19. Qg4 Nf6 20. Qh3 Re8 21. Qg3 Nh5 22. Qh3 Nf6 23. Bd4 {0-1 Philipp,P-Niephaus,F Kassel (Women) 1990 (7)}) ({RR} 8... Nge7 9. b4 Ng6 10. Re1 a6 11. c4 dxc4 12. Bxc4 Rd8 13. Bd3 Be7 14. Nbd2 Qc7 15. Nb3 Ncxe5 16. Nxe5 Nxe5 17. Bf4 Bd6 18. Rc1 Qb8 19. Bb1 Ba4 20. Qh5 Bxb3 21. Rxe5 g6 22. Qg5 Be7 23. Qg3 {½-½ Dubnevych,M (2293)-Terzi,A (2254) Titled Tue 13th Feb Early 2024 (7)}) ({RR} 8... dxc3 9. Nxc3 a6 10. b4 Qc7 11. Bb2 Nge7 12. Rc1 Ng6 13. b5 axb5 14. Nxb5 Qb8 15. a4 Be7 16. g3 O-O 17. h4 Rc8 18. Re1 Nb4 19. Bb1 Rxc1 20. Bxc1 Qc8 21. h5 Nf8 22. Nfd4 Qc4 23. Qg4 {0-1 Kerec,J-Schmid,J (2083) Wch Silent Rotterdam 1996}) ({RR} 8... dxc3 9. Nxc3 a6 10. Na4 Qc7 11. Re1 Nge7 12. Bf4 Ng6 13. Bg3 b5 14. Nc3 Be7 15. Rc1 Qb6 16. b4 Rc8 17. Na2 O-O 18. h4 f5 19. h5 Nh8 20. Qd2 Nf7 21. Bf4 h6 22. Be3 Qd8 23. Bc5 {0-1 Pavlov,I-Nikitenko,S (1895) RUS-ch Silent 2010 (3)}) 9. Bc2 Nge7 10. cxd4 Nf5 11. Bxf5 exf5 12. Nc3 Be6 13. b4 Be7 14. Be3 O-O 15. Qd2 Rfc8 16. Rfc1 Qd8 17. Na4 a5 18. Nc5 axb4 19. axb4 Rxa1 20. Rxa1 b6 21. Nd3 Qf8 22. Ra6 Rb8 23. b5 Na5 24. Bg5 Bxg5 25. Nxg5 Qa3 26. Nxe6 fxe6 27. h3 Qa1+ 28. Ne1 Qb1 29. Ra7 h6 30. Qc3 Nc4 31. Kh2 Rf8 32. Re7 Qxb5 33. Qg3 Rf7 34. Rxe6 Kf8 35. Qg6 Qd7 36. Rc6 Re7 37. Nd3 Qe8 38. Qxf5+ Rf7 39. Qg6 b5 40. Nc5 b4 41. Ne6+ Kg8 42. Nxg7 Nxe5 43. Nxe8+ Nxg6 44. Rxg6+ Kf8 45. Nf6 b3 46. Rg8+ Ke7 47. Nxd5+ Ke6 48. Nc3 Rc7 49. Na4 Kd5 50. Rb8 Ra7 51. Nc5 1-0

[Event "Olympiad Women 2024"]
[Site "Budapest HUN"]
[Date "2024.09.14"]
[Round "4.29"]
[Board "2"]
[White "Agajanova, Meryem"]
[Black "Kanakova, Natalie"]
[Result "0-1"]
[WhiteElo "2007"]
[BlackElo "2145"]
[PlyCount "72"]
[EventDate "2024.09.11"]
[WhiteTeam "Turkmenistan"]
[BlackTeam "Czech Republic"]
[WhiteTeamCountry "TKM"]
[BlackTeamCountry "CZE"]

1. d4 f5 2. Nf3 Nf6 3. g3 g6 4. Bg2 Bg7 5. O-O O-O 6. b3 d6 7. Bb2 Qe8 8. c4 c6 9. Nbd2 Nbd7 10. Qc2 e5 11. dxe5 dxe5 12. e4 f4 13. gxf4 $146 ({RR} 13. c5 Qe7 14. b4 Ne8 15. Nc4 g5 16. Bh3 h5 17. Bf5 Bf6 18. gxf4 gxf4 19. Kh1 Nc7 20. Rg1+ Kh8 21. Qe2 Qf7 22. Nd6 Qe7 23. Nxe5 {1-0 Vypkhaniuk,I (2202)-Neporozhniy,K UKR-ch U20 sf 2002 (1)}) ({RR} 13. c5 fxg3 14. fxg3 Qe7 15. b4 b6 16. Nc4 bxc5 17. Ncxe5 Bb7 18. Qc4+ Kh8 19. Nxd7 Nxd7 20. Bxg7+ Kxg7 21. Rab1 cxb4 22. Rxb4 Nb6 23. Qc3+ Kg8 24. Qb3+ Qf7 25. Qxf7+ Rxf7 26. Rc1 Re7 27. Nd2 c5 {½-½ Van Wely,L (2585)-Smirin,I (2640) Las Palmas3 1993 (5)}) ({RR} 13. c5 Qe7 14. b4 Ne8 15. Rad1 g5 16. Bh3 b6 17. cxb6 Nxb6 18. Bxc8 Rxc8 19. Nc4 Qxb4 20. Ncxe5 Qe7 21. a4 Rc7 22. a5 Nc8 23. Qc4+ Kh8 24. g4 Ncd6 25. Qa4 c5 26. Rfe1 Nf7 27. Nxf7+ Rxf7 {1-0 Gunina,V (2437)-Mammadova,G (2209) EU-chT (Women) 08th 2009 (7)}) ({RR} 13. c5) 13... Nh5 14. Nxe5 Nxf4 15. Nxd7 Qxd7 16. f3 Qe7 17. Bxg7 Qg5 18. Rf2 Bh3 19. Bh6 Qxh6 20. Bf1 Rad8 21. Kh1 Qh4 22. Nb1 Rd1 23. Qxd1 Qxf2 24. Bxh3 Nxh3 25. Nc3 Qe3 26. Nd5 cxd5 27. Qxd5+ Rf7 28. e5 Nf4 29. Qe4 Qd2 30. Rg1 Nh3 31. Qe1 Qd3 32. Rg3 Rxf3 33. Kg2 Nf4+ 34. Kg1 Ne2+ 35. Kg2 Nxg3 36. e6 Re3 0-1

[Event "Olympiad Women 2024"]
[Site "Budapest HUN"]
[Date "2024.09.14"]
[Round "4.29"]
[Board "4"]
[White "Rejepova, Jahan"]
[Black "Novosadova, Kristyna"]
[Result "0-1"]
[WhiteElo "1915"]
[BlackElo "2066"]
[PlyCount "72"]
[EventDate "2024.09.11"]
[WhiteTeam "Turkmenistan"]
[BlackTeam "Czech Republic"]
[WhiteTeamCountry "TKM"]
[BlackTeamCountry "CZE"]

1. d4 Nf6 2. c4 c5 3. d5 b5 4. cxb5 a6 5. e3 axb5 6. Bxb5 Qa5+ 7. Nc3 Bb7 8. Bd2 Qb6 9. Nf3 Nxd5 10. Nxd5 Bxd5 11. Bc3 e6 12. a4 Be7 13. O-O O-O 14. Qe2 Qb7 15. Nd2 f5 16. f3 Na6 17. Nc4 $146 ({RR} 17. e4 fxe4 18. fxe4 Bc6 19. Qg4 g6 20. Bxc6 Qxc6 21. Nf3 Qc8 22. Ne5 Qe8 23. Rad1 Rxf1+ 24. Rxf1 h5 25. Qg3 g5 26. Nf7 Qxf7 27. Rxf7 Kxf7 28. Qd3 c4 29. Qxc4 Nc5 30. a5 Rd8 31. b4 d5 {1-0 Almond,R (2145)-Chapman,T (2249) BCF-chT1b 1011 (4NCL) 2010 (2.18)}) ({RR} 17. e4 Bc6 18. exf5 Rxf5 19. Bd3 Rf7 20. f4 Nb4 21. Bb1 Nd5 22. Qh5 Nf6 23. Qh3 Bd5 24. Bc2 Raf8 25. Rae1 g6 26. Nf3 Nh5 27. Ne5 Rxf4 28. Rxf4 Nxf4 29. Qh6 Bf6 30. Qxf4 d6 31. Qg3 Bxe5 {½-½ Lautier,J (2290)-Stangl,M (2375) Hameln Voba 1987}) ({RR} 17. e4 fxe4 18. fxe4 Bc6 19. Rxf8+ Rxf8 20. Rf1 Bxb5 21. axb5 Nb4 22. Qg4 {1-0 Estremera Panos,S (2374)-Courbi,S (2038) Positano op-A 2008 (9)}) 17... Bxc4 18. Bxc4 d5 19. Ba2 c4 20. Kh1 Nc5 21. a5 Bf6 22. Bd4 Qb4 23. Rab1 Rxa5 24. Bxc5 Rxc5 25. Rbd1 Ra8 26. Bb1 Qxb2 27. Rd2 Qb4 28. e4 fxe4 29. fxe4 d4 30. Rb2 d3 31. Qf2 Qxb2 32. Qxc5 Rb8 33. h4 Qe2 34. Qg1 Bd4 35. Qxd4 Qxf1+ 36. Kh2 Qxb1 0-1

[Event "Olympiad Women 2024"]
[Site "Budapest HUN"]
[Date "2024.09.14"]
[Round "4.30"]
[Board "4"]
[White "Koljevic, Nikolina"]
[Black "Braganza, Nadia"]
[Result "1/2-1/2"]
[WhiteElo "2030"]
[BlackElo "1892"]
[PlyCount "161"]
[EventDate "2024.09.11"]
[WhiteTeam "Montenegro"]
[BlackTeam "New Zealand"]
[WhiteTeamCountry "MNE"]
[BlackTeamCountry "NZL"]

1. e4 c5 2. Nf3 g6 3. d4 cxd4 4. Nxd4 Nc6 5. c4 Nf6 6. Nc3 d6 7. Be2 Nxd4 8. Qxd4 Bg7 9. Bg5 O-O 10. Qd2 a5 11. Rd1 Be6 12. O-O a4 13. Qc2 ({RR} 13. Rfe1 Qa5 14. Bf1 Rfc8 15. Nd5 Qxd2 16. Bxd2 Bxd5 17. exd5 Re8 18. Bb4 Nd7 19. Ba3 Nc5 20. g3 b6 21. h4 h5 22. Bh3 f5 23. Kg2 Bf6 24. Kf3 Kf7 25. Re2 Rac8 26. Bf1 Ra8 27. Re3 Rec8 {½-½ Andreikin,D (2726)-Bernadskiy,V (2629) Titled Tuesday intern op 26th May blitz 2020 (3)}) ({RR} 13. f4 Qa5 14. f5 gxf5 15. exf5 Bxf5 16. Bxf6 Bxf6 17. Nd5 Bg6 18. Nxf6+ exf6 19. Qxa5 Rxa5 20. Rxd6 Re8 21. Bf3 Rc5 22. Bd5 Re2 23. Rb6 Be4 24. Bxe4 Rxe4 25. b3 axb3 26. axb3 Re2 27. Rbxf6 Rb2 {1-0 Poddubnyi,V (2304)-Horak,M (2333) Titled Tue 12th Mar Late 2024 (6)}) 13... Qa5 14. Nd5 $146 ({RR} 14. Bxf6 Bxf6 15. Nd5 Bxd5 16. Rxd5 Qc7 17. a3 Ra5 18. Rfd1 Rfa8 19. R1d2 Rc5 20. Qd3 Ra6 21. Rxc5 dxc5 22. Qd8+ Qxd8 23. Rxd8+ Kg7 24. Rd2 Bd4 25. Bd1 Kf6 26. Kf1 Ke5 27. f3 g5 28. h3 Kf4 {0-1 Vorontsov,P (2055)-Shalimov,V (2387) UKR-ch sf Alushta 2011 (1)}) ({RR} 14. Bxf6 Bxf6 15. Nd5 Kg7 16. f4 Rfc8 17. Kh1 Bxd5 18. Rxd5 Rc5 19. Bg4 Rxd5 20. cxd5 Qb4 21. b3 axb3 22. axb3 Ra3 23. Bd1 Qa5 24. Qf2 Qc3 25. Qf3 Qd4 26. g4 Bh4 27. f5 g5 28. f6+ exf6 {0-1 Borosova,Z (2280)-Socko,M (2467) Olympiad Women-40 2012 (4.1)}) 14... Bxd5 15. exd5 Rfc8 16. Qb1 Qb4 17. Rfe1 Rc7 18. Bd2 Qb6 19. Be3 Qa5 20. b4 axb3 21. axb3 Qb4 22. Bd2 Qa3 23. Bf3 h5 24. h3 b5 25. cxb5 Rb8 26. Bc1 Qc5 27. g4 Qxb5 28. gxh5 Qxb3 29. Be3 Nxh5 30. Bxh5 Qxb1 31. Rxb1 Rxb1 32. Rxb1 gxh5 33. Kg2 Bf6 34. Kf3 Rc4 35. Rg1+ Kf8 36. Ke2 Rh4 37. Rg3 Be5 38. Rf3 Bf6 39. Rg3 Be5 40. Rf3 Ke8 41. Bg5 Rd4 42. Rd3 Rc4 43. Rb3 f6 44. Be3 Bf4 45. Kf3 Bxe3 46. fxe3 Rh4 47. Kg3 Re4 48. Kf3 Re5 49. Rb5 Kf7 50. e4 f5 51. exf5 Rxf5+ 52. Ke4 Re5+ 53. Kd4 Kf6 54. Rb3 Kg5 55. Rf3 Kh4 56. Kc4 Re4+ 57. Kb5 Kg5 58. Kc6 Re5 59. Kd7 Rxd5 60. Kxe7 Rd1 61. Ke6 Rd2 62. Rf5+ Kh4 63. Rf3 Rd1 64. Kf5 Rd4 65. Ke6 Kg5 66. Rf5+ Kh4 67. Rf3 d5 68. Ke5 Rd1 69. Kf4 d4 70. Ke4 Rd2 71. Rf5 Rd1 72. Rf3 d3 73. Rf5 d2 74. Ke3 Rh1 75. Kxd2 Rxh3 76. Ke2 Rg3 77. Kf2 Ra3 78. Rf4+ Kg5 79. Rf3 Rxf3+ 80. Kxf3 h4 81. Kg2 1/2-1/2

[Event "Olympiad Women 2024"]
[Site "Budapest HUN"]
[Date "2024.09.14"]
[Round "4.31"]
[Board "1"]
[White "Terao, Juliana Sayumi"]
[Black "Cordero, Daniela"]
[Result "1-0"]
[WhiteElo "2161"]
[BlackElo "2017"]
[PlyCount "107"]
[EventDate "2024.09.11"]
[WhiteTeam "Brazil"]
[BlackTeam "Bolivia"]
[WhiteTeamCountry "BRA"]
[BlackTeamCountry "BOL"]

1. e4 e6 2. d4 d5 3. Nd2 a6 4. Ngf3 c5 5. exd5 exd5 6. Be2 Nf6 7. O-O Bd6 8. dxc5 Bxc5 9. Nb3 Bb6 10. Bg5 ({RR} 10. Bf4 O-O 11. Nfd4 Re8 12. Re1 Nc6 13. c3 h6 14. Qc2 Qe7 15. Rad1 Bd7 16. Be3 Qd6 17. Nb5 axb5 18. Bxb6 Rxa2 19. Bc5 Qf4 20. Bxb5 Nb4 21. Rxe8+ Bxe8 22. Qe2 Bxb5 23. Qxb5 Rxb2 24. cxb4 Rxb3 {½-½ Savchenko,B (2585)-Zvjaginsev,V (2639) Khanty-Mansiysk Governor Cup 13th 2017 (9)}) 10... O-O 11. c3 Re8 12. Nfd4 Nbd7 $146 ({RR} 12... h6 13. Bh4 Nc6 14. Bf3 g5 15. Bg3 Ne4 16. Bxe4 {½-½ Kudrin,S (2510)-Dreev,A (2625) New York op 1991 (8)}) ({RR} 12... h6 13. Bf4 Nc6 14. Re1 Ne4 15. f3 Nc5 16. Nxc5 Bxc5 17. Qd2 Qb6 18. Be3 Nxd4 19. Bxd4 Bxd4+ 20. cxd4 Bd7 21. h3 Rac8 22. Rac1 Rxc1 23. Rxc1 Qd6 24. Bf1 Qg3 25. Qf2 Qxf2+ 26. Kxf2 Rc8 27. Rxc8+ {½-½ Korneev,O (2469)-Hirneise,J (2299) Wuerttemberg Masters 2024 (8.4)}) ({RR} 12... h6 13. Bh4 Nc6 14. Bf3 g5 15. Bg3 Ne4 16. Bxe4 Rxe4 17. Re1 Rxe1+ 18. Qxe1 Bd7 19. Rd1 Qf6 20. Qe2 Re8 21. Qf3 Qxf3 22. gxf3 Nxd4 23. Nxd4 f6 24. Kg2 Kf7 25. Rd2 h5 26. h4 Kg6 27. Nc2 {½-½ Litwak,A (2284)-Trella,T (2300) GER-ch Net final U25 blitz 2008 (8)}) ({RR} 12... h6 13. Bh4 Nc6 14. Re1 g5 {½-½ Groetz,H (2347)-Tibensky,R (2433) Olomouc Proclient Cup IM-A 2007 (6)}) 13. Re1 Nf8 14. Bf3 Be6 15. Nxe6 Nxe6 16. Bh4 g5 17. Bg3 Re7 18. Qd3 g4 19. Be2 Ng5 20. Qf5 Nge4 21. Bh4 g3 22. Bxg3 Nxg3 23. hxg3 Ne4 24. Nd4 Qd6 25. Bd3 Re5 26. Qf4 Rae8 27. Rad1 Qe7 28. Rf1 Bc7 29. Nf5 Qf6 30. Nh6+ Kg7 31. Ng4 Qxf4 32. gxf4 R5e6 33. f5 Rb6 34. Bxe4 Rxe4 35. f3 Re2 36. b4 h5 37. Nf2 Rxa2 38. Rxd5 Rc6 39. Ne4 Bb6+ 40. Kh2 h4 41. Kh3 Bc7 42. Rfd1 Bf4 43. Rd7 Rb6 44. Re7 Rb5 45. f6+ Kg6 46. Rd8 Bg3 47. Rg8+ Kf5 48. Rxf7 Kf4 49. Rg4+ Ke3 50. Re7 Be5 51. f7 Ra1 52. Rxh4 Rb6 53. Rxe5 Rg6 54. Rg5 1-0

[Event "Olympiad Women 2024"]
[Site "Budapest HUN"]
[Date "2024.09.14"]
[Round "4.31"]
[Board "4"]
[White "Gareca Ordonez, Carla Angelica"]
[Black "Dias, Clara"]
[Result "1-0"]
[WhiteElo "1778"]
[BlackElo "1954"]
[PlyCount "74"]
[EventDate "2024.09.11"]
[WhiteTeam "Bolivia"]
[BlackTeam "Brazil"]
[WhiteTeamCountry "BOL"]
[BlackTeamCountry "BRA"]

1. d4 d5 2. Nf3 Nf6 3. c4 c6 4. g3 Bg4 5. Ne5 Bf5 6. Bg2 e6 7. O-O Be7 ({RR} 7... Nbd7 8. f4 Be7 9. Nc3 O-O 10. e3 Rc8 11. Kh1 h6 12. b3 Bb4 13. Bb2 Bxc3 14. Bxc3 Be4 15. Bb4 Re8 16. Ng4 Bxg2+ 17. Kxg2 Ne4 18. Ne5 c5 19. Ba3 b6 20. Qh5 Nxe5 21. fxe5 Rc7 22. Rf4 {0-1 Wisniowski,N (1955)-Beulen,M (2359) Titled Tue 25th Jun Late 2024 (6)}) 8. Nc3 O-O 9. Re1 $146 ({RR} 9. e3 Nbd7 10. Nxd7 Qxd7 11. cxd5 exd5 12. Qb3 Rab8 13. Bd2 Bh3 14. Ne2 Bxg2 15. Kxg2 Bd6 16. Bb4 Rfe8 17. Bxd6 Qxd6 18. Nc3 a6 19. a4 a5 20. Rad1 Qc7 21. Rfe1 h5 22. Qc2 Rbc8 23. Qd3 b6 {1-0 Shnaiderman,L (1800)-Cowgill,J (964) San Francisco TNM Summer op 2013 (4)}) ({RR} 9. a4 Nbd7 10. Nxd7 Qxd7 11. a5 Rac8 12. c5 Ne8 13. f3 e5 14. dxe5 Bxc5+ 15. Kh1 Rd8 16. Na4 Be7 17. Qd4 a6 18. Nc5 Qc8 19. Be3 Nc7 20. Rac1 Nb5 21. Qd2 Rfe8 22. Na4 Bf8 23. Bb6 Rd7 {0-1 Poessel,C (1998)-Ellemann,S (2041) Oberliga Ost-A 1920 2019 (8.7)}) 9... Nbd7 10. Bf4 Ne4 11. Nxe4 Bxe4 12. Bxe4 dxe4 13. Qc2 f5 14. c5 Nxe5 15. Bxe5 Bf6 16. Red1 Qd5 17. Bd6 Rf7 18. e3 Be7 19. Be5 Bd8 20. Qc3 Bc7 21. b4 Rd8 22. Kg2 Rfd7 23. Bxc7 Rxc7 24. Rdb1 Re7 25. b5 cxb5 26. Rxb5 e5 27. Rb4 f4 28. gxf4 exf4 29. Qb3 f3+ 30. Kg3 Rf7 31. Qxd5 Rxd5 32. h4 g5 33. h5 Kg7 34. Rab1 Rdd7 35. Kg4 h6 36. Ra4 a6 37. Rab4 Kh7 1-0